Companies by Ticker Quiz - Statistics

General Stats
  • This quiz has been taken 7 times
  • The average score is 10 of 15
Answer Stats
Hint Answer % Correct
AMZN Amazon
100%
COST Costco
100%
TSLA Tesla
100%
NFLX Netflix
83%
NVDA Nvidia
83%
BABA Alibaba
67%
DIS Disney
67%
XOM Exxon Mobil
67%
F Ford
67%
JNJ Johnson and Johnson
67%
BAC Bank of America
50%
KO Coca-Cola
50%
RACE Ferrari
33%
PZZA Papa John's
33%
CAKE The Cheesecake Factory
0%
No matching quizzes found
Score Distribution
Percent of People with Each Score
Percentile by Number Answered
Your Score History
You have not taken this quiz